3 largest cities in each state - Statistics

General Stats
  • This quiz has been taken 650 times
    70 since last reset
  • The average score is 84 of 150
Answer Stats
# City State % Correct
1 Phoenix AZ
91%
1 Anchorage AK
89%
1 Denver CO
89%
1 Los Angeles CA
89%
2 San Diego CA
89%
1 Atlanta GA
85%
1 Jackson MS
85%
3 Juneau AK
85%
1 Little Rock AR
85%
2 Miami FL
85%
3 Montgomery AL
85%
3 San Jose CA
85%
2 Birmingham AL
83%
1 Boise ID
83%
1 Chicago IL
83%
1 Jacksonville FL
83%
3 Tampa FL
83%
3 Kansas City KS
81%
1 Kansas City MO
81%
3 Springfield MA
81%
3 Springfield MO
81%
2 Colorado Springs CO
79%
2 Fairbanks AK
79%
1 Indianapolis IN
79%
1 Boston MA
77%
1 Portland ME
77%
1 Portland OR
77%
2 Tucson AZ
77%
1 Des Moines IA
75%
1 Honolulu HI
75%
1 Las Vegas NV
75%
1 New Orleans LA
75%
1 Philadelphia PA
75%
2 Baton Rouge LA
74%
2 Dover DE
74%
1 Houston TX
74%
1 Louisville KY
74%
1 Minneapolis MN
74%
1 Baltimore MD
72%
2 Cleveland OH
72%
3 Dallas TX
72%
1 Detroit MI
72%
1 Providence RI
72%
2 Buffalo NY
70%
2 Columbus GA
70%
1 Columbus OH
70%
1 Oklahoma City OK
70%
2 Pittsburgh PA
70%
3 Reno NV
70%
2 Saint Paul MN
70%
2 St. Louis MO
70%
1 New York City NY
68%
2 Raleigh NC
68%
2 Tulsa OK
68%
1 Albuquerque NM
66%
1 Huntsville AL
66%
2 Memphis TN
66%
1 Nashville TN
66%
2 Richmond VA
66%
1 Salt Lake City UT
66%
2 San Antonio TX
66%
1 Charleston SC
64%
1 Charleston WV
64%
1 Charlotte NC
64%
2 Columbia MD
64%
2 Columbia SC
64%
1 Milwaukee WI
64%
1 Seattle WA
64%
1 Wichita KS
64%
3 Augusta GA
62%
3 Cincinnati OH
62%
2 Lexington KY
62%
2 Lincoln NE
62%
3 Newark DE
62%
1 Newark NJ
62%
1 Omaha NE
62%
3 Aurora CO
60%
2 Aurora IL
60%
1 Billings MT
60%
1 Cheyenne WY
60%
1 Fargo ND
60%
2 Grand Rapids MI
60%
2 Jersey City NJ
60%
1 Wilmington DE
60%
2 Madison WI
58%
3 New Haven CT
57%
3 Rochester MN
57%
3 Salem OR
57%
1 Burlington VT
53%
2 Fort Wayne IN
53%
3 Mesa AZ
53%
1 Sioux Falls SD
53%
1 Virginia Beach VA
53%
3 Concord NH
51%
3 Knoxville TN
51%
1 Manchester NH
51%
3 Shreveport LA
51%
2 Spokane WA
49%
2 Worcester MA
49%
2 Bismarck ND
47%
1 Bridgeport CT
47%
2 Eugene OR
47%
3 Greensboro NC
47%
3 Tacoma WA
47%
2 Fayetteville AR
45%
2 Henderson NV
45%
3 Bangor ME
43%
2 Cedar Rapids IA
43%
3 Green Bay WI
43%
2 Las Cruces NM
42%
3 Norfolk VA
42%
3 Davenport IA
40%
2 Stamford CT
40%
3 Yonkers NY
40%
2 Casper WY
38%
2 Missoula MT
36%
2 Overland Park KS
36%
3 Bowling Green KY
32%
3 Evansville IN
32%
3 Norman OK
32%
2 Gulfport MS
30%
3 Nampa ID
30%
2 Nashua NH
30%
3 Grand Forks ND
28%
3 Great Falls MT
28%
3 Joliet IL
28%
2 Meridian ID
28%
3 West Jordan UT
28%
3 Allentown PA
26%
2 Rapid City SD
26%
3 Warwick RI
26%
2 Cranston RI
25%
3 Fort Smith AR
25%
3 Morgantown WV
25%
2 Pearl City HI
25%
2 South Burlington VT
25%
3 North Charleston SC
23%
3 Rio Rancho NM
23%
2 West Valley City UT
23%
3 East Honolulu HI
21%
2 Huntington WV
21%
2 Lewiston ME
21%
3 Bellevue NE
19%
3 Gillette WY
19%
3 Paterson NJ
19%
3 Warren MI
19%
3 Aberdeen SD
15%
3 Southaven MS
13%
3 Colchester VT
6%
3 Germantown MD
4%
No matching quizzes found
Score Distribution
Percent of People with Each Score
Percentile by Number Answered
Your Score History
You have not taken this quiz since the last reset